Loading...
| Current Events | 1 | 20.00 | 100% | 100% | 0% |
| Fine Arts - Classical Music | 12 | 11.67 | 83% | 25% | 8% |
| Fine Arts - Other | 8 | 11.25 | 88% | 25% | 0% |
| Fine Arts - Painting & Sculpture | 4 | 12.50 | 75% | 50% | 0% |
| Geography | 3 | 16.67 | 100% | 67% | 0% |
| History - American | 8 | 5.00 | 25% | 25% | 0% |
| History - European | 7 | 10.00 | 57% | 43% | 0% |
| History - Other | 6 | 13.33 | 100% | 17% | 17% |
| History - World | 6 | 6.67 | 67% | 0% | 0% |
| Literature - American | 7 | 8.57 | 57% | 29% | 0% |
| Literature - British | 9 | 13.33 | 100% | 11% | 22% |
| Literature - European | 7 | 12.86 | 71% | 29% | 29% |
| Literature - World | 6 | 8.33 | 83% | 0% | 0% |
| Mythology | 4 | 17.50 | 100% | 75% | 0% |
| Other Academic | 3 | 10.00 | 100% | 0% | 0% |
| Philosophy | 9 | 4.44 | 44% | 0% | 0% |
| Religion | 8 | 12.50 | 100% | 13% | 13% |
| Science - Biology | 6 | 13.33 | 83% | 33% | 17% |
| Science - Chemistry | 11 | 12.73 | 91% | 27% | 9% |
| Science - Other | 6 | 11.67 | 83% | 33% | 0% |
| Science - Physics | 7 | 10.00 | 86% | 14% | 0% |
| Social Science | 7 | 8.57 | 71% | 0% | 14% |